| 000 | 01267nam0a2200349 4500 | ||
|---|---|---|---|
| 001 | RU\NLR\BIBL_A\022549584 | ||
| 005 | 20260420044858.0 | ||
| 010 |
_a978-5-00116-320-6 _93000 |
||
| 021 |
_aRU _bКН-П-25-019255 _9КН-П-25-1949 |
||
| 021 |
_aRU _bКН-П-25-078688 _9КН-П-25-7620 |
||
| 035 | _a(NLR Aleph) 022549584 | ||
| 090 |
_a13673255 _c13673255 |
||
| 100 | _a20250523d2025 u y0rusy50 ca | ||
| 101 | 0 | _arus | |
| 102 | _aRU | ||
| 105 | _aao z 000zy | ||
| 181 | 0 |
_ai3 _baxxe |
|
| 182 | 0 | _an | |
| 200 | 1 |
_aТравник академика Болотова _fБ. Болотов |
|
| 203 |
_aТекст _bвизуальный _cнепосредственный |
||
| 210 |
_aСанкт-Петербург [и др.] _cПИТЕР _d2025 |
||
| 215 |
_a125 с. _cил. _d20 |
||
| 225 | 1 | _aЖизнь по Болотову | |
| 225 | 1 | _aМедицина Болотова | |
| 333 | _a16+ | ||
| 606 | 1 |
_aТравники _91200546 _3RU\NLR\AUTH\66167784 |
|
| 686 | 1 | _aР352.5 | |
| 700 | 1 |
_7ca _8rus _aБолотов _bБ. В. _cнародный целитель _f1930- _gБорис Васильевич _977731 _3RU\NLR\AUTH\7794805 |
|
| 942 | _cBOOK | ||
| 980 | _aNB | ||